00413nam a2200145Ia 4500003000400000008004100004040001600045082001600061100002300077245006100100700002400161260006000185300000800245650001400253GCL140319s9999 xx 000 0 eng d aGCL / cGCL04a551.48bB H1 aBEDIENT, PHILIP B,10aHYDROLOGY AND FLOODPLAIN ANALYSIS / cBEDIENT, PHILIP B,1 aHUBER WAYNE CHARLES a[S.N] : bADDISON - WESLEY PUBLISHING COMPANY ، c1992 a69204aHYDROLOGY